000 00288nam a2200121Ia 4500
008 190216s9999||||xx |||||||||||||| ||und||
100 _aMahesh Parimal
245 0 _aHindi-Likho Pati Pyar Bhari
260 _bDuke University Press
_c2010
300 _a121
650 _aHindi
942 _cBK
999 _c16764
_d16764